000 00289nam a2200109Ia 4500
008 220204s9999 xx 000 0 und d
082 _a321.7(540)
_bPAL
100 _aPalkhivala, N A
245 0 _aWe the people: India - the largest democracy
260 _aBombay
_bStrand
_c1984
942 _cBK
999 _c38659
_d38659